Normal view
MARC view
- U.S Federal Work Agency
Entry Corporate Name
001 - CONTROL NUMBER
- control field: 43757
003 - CONTROL NUMBER IDENTIFIER
- control field: NUST
005 - DATE AND TIME OF LATEST TRANSACTION
- control field: 20210314132749.0
008 - FIXED-LENGTH DATA ELEMENTS
- fixed length control field: 210314|| aca||aabn | a|a d
040 ## - CATALOGING SOURCE
- Original cataloging agency: NUST
- Transcribing agency: NUST
110 ## - HEADING--CORPORATE NAME
- Corporate name or jurisdiction name as entry element: U.S Federal Work Agency
670 ## - SOURCE DATA FOUND
- Source citation: Work cat.: (NUST): U.S Federal Work Agency., Public Control of Highway access and roadside development /, 1947.
